[Event "4NCL/Div2/HKF2 vs. BARY"]
[Site "Sunningdale ENG"]
[Date "2006.09.17"]
[Round "2.5"]
[White "Buckley, Melanie"]
[Black "Moore, John C"]
[Result "1/2-1/2"]
[WhiteElo "2135"]
[BlackElo "2030"]
[PlyCount "52"]
[EventDate "2006.09.17"]
[EventType "team"]
[EventRounds "11"]
[EventCountry "ENG"]
[WhiteTeam "H Kingfisher 2"]
[BlackTeam "Barbican Yth"]

1. e4 Nf6 2. e5 Nd5 3. d4 d6 4. c4 Nb6 5. exd6 cxd6 6. Nc3 g6 7. Be3 Bg7 8. Rc1
O-O 9. b3 Nc6 10. d5 Ne5 11. Be2 e6 12. dxe6 fxe6 13. Nf3 d5 14. cxd5 Nxd5 15.
Nxd5 exd5 16. Nd4 Bf5 17. O-O Qd7 18. Rc5 b6 19. Rc1 Bg4 20. f3 Bf5 21. Qd2 h5
22. Rfd1 Rad8 23. Nb5 Nc6 24. Nd4 Ne5 25. Nb5 Nc6 26. Nd4 Ne5 1/2-1/2

[Event "4NCL/Div2/HKF2 vs. BARY"]
[Site "Sunningdale ENG"]
[Date "2006.09.17"]
[Round "2.6"]
[White "Bhatia, Kanwal K"]
[Black "Hagesaether, Arne"]
[Result "0-1"]
[WhiteElo "2062"]
[BlackElo "2186"]
[PlyCount "128"]
[EventDate "2006.09.17"]
[EventType "team"]
[EventRounds "11"]
[EventCountry "ENG"]
[WhiteTeam "Barbican Yth"]
[BlackTeam "H Kingfisher 2"]

1. e4 c6 2. d4 d5 3. Nc3 dxe4 4. Nxe4 Bf5 5. Ng3 Bg6 6. h4 h6 7. Nf3 Nd7 8. h5
Bh7 9. Bd3 Bxd3 10. Qxd3 e6 11. Bf4 Ngf6 12. O-O-O Nd5 13. Bd2 Nb4 14. Bxb4
Bxb4 15. Ne4 Qe7 16. c3 Ba5 17. Ne5 Rd8 18. f4 Nf6 19. Nxf6+ gxf6 20. Ng4 f5
21. Ne3 Bc7 22. g3 Qf6 23. Rhe1 Kd7 24. Re2 Kc8 25. c4 Rhg8 26. Rg2 Kb8 27. c5
Rd7 28. Rdd2 Rgd8 29. Nc2 Qg7 30. Qc4 Qg4 31. b4 Qxh5 32. b5 Qf3 33. bxc6 Qxc6
34. Nb4 Qa4 35. c6 Rd6 36. cxb7 Kxb7 37. Rb2 Bb6 38. Qb3 Qxb3 39. Rxb3 Rxd4 40.
Rh2 Rc4+ 41. Nc2 Rdc8 42. Kd1 R8c6 43. Rd3 Rc7 44. Re2 Kc8 45. Red2 Ba5 46. Rh2
R7c6 47. Re2 f6 48. Rde3 Kd7 49. Rh2 Ke7 50. Rhe2 Rd6+ 51. Kc1 Kf7 52. Rh2 Bb6
53. Rf3 Kg6 54. Re2 Rdc6 55. Kb2 e5 56. a3 e4 57. Rb3 Rd6 58. Ne3 Rcd4 59. Kc2
Rd3 60. Nf1 Rc6+ 61. Kb2 Bd4+ 62. Ka2 Rc1 63. Rb1 Rcc3 64. Rbe1 Rxa3+ 0-1

[Event "4NCL/Div2/HKF2 vs. BARY"]
[Site "Sunningdale ENG"]
[Date "2006.09.17"]
[Round "2.7"]
[White "Crombleholme, Alan K"]
[Black "Wells, Daniel"]
[Result "1/2-1/2"]
[WhiteElo "2110"]
[BlackElo "1997"]
[PlyCount "73"]
[EventDate "2006.09.17"]
[EventType "team"]
[EventRounds "11"]
[EventCountry "ENG"]
[WhiteTeam "H Kingfisher 2"]
[BlackTeam "Barbican Yth"]

1. d4 Nf6 2. Nf3 g6 3. c4 Bg7 4. Nc3 O-O 5. e4 d6 6. Be2 e5 7. O-O Nc6 8. d5
Ne7 9. Ne1 Nd7 10. Nd3 f5 11. Bd2 Nf6 12. f3 f4 13. c5 g5 14. Rc1 h5 15. cxd6
cxd6 16. Nf2 Kh8 17. Nb5 Ne8 18. a4 Ng8 19. Rc4 Nh6 20. h3 Rf6 21. Qc2 Rg6 22.
Nc7 Nxc7 23. Rxc7 g4 24. Rc1 Bd7 25. fxg4 hxg4 26. Nxg4 Nxg4 27. Bxg4 Bxg4 28.
hxg4 Kh7 29. Rc8 Qb6+ 30. Kf1 Rxc8 31. Qxc8 Qd4 32. Rc3 Qxd2 33. Rh3+ Rh6 34.
Qf5+ Kh8 35. Qc8+ Kh7 36. Qf5+ Kh8 37. Qc8+ 1/2-1/2

[Event "4NCL/Div2/HKF2 vs. BARY"]
[Site "Sunningdale ENG"]
[Date "2006.09.17"]
[Round "2.8"]
[White "Hillman, Jamie O"]
[Black "Wilson, Alexandra"]
[Result "1/2-1/2"]
[WhiteElo "2006"]
[BlackElo "2090"]
[PlyCount "52"]
[EventDate "2006.09.17"]
[EventType "team"]
[EventRounds "11"]
[EventCountry "ENG"]
[WhiteTeam "Barbican Yth"]
[BlackTeam "H Kingfisher 2"]

1. e4 e6 2. d4 d5 3. e5 c5 4. c3 Nc6 5. Nf3 Bd7 6. a3 c4 7. Qc2 Na5 8. Nbd2 Bc6
9. g3 Qd7 10. Bh3 Ba4 11. Qb1 Ne7 12. O-O Ng6 13. Ne1 Ne7 14. f4 g6 15. Bg4 h5
16. Be2 Nf5 17. Ng2 Be7 18. Nf3 Nb3 19. Ra2 O-O-O 20. Kf2 Rdf8 21. h4 f6 22.
exf6 Bxf6 23. Ne3 Nd6 24. Kg2 Rhg8 25. Bd1 Ne4 26. Bc2 Nxc1 1/2-1/2

[Event "4NCL/Div2/BAR2 vs. OXF1"]
[Site "Coventry ENG"]
[Date "2006.11.11"]
[Round "3.1"]
[White "Rogers, Jonathan W"]
[Black "Bilalic, Merim"]
[Result "1-0"]
[WhiteElo "2353"]
[BlackElo "2288"]
[PlyCount "105"]
[EventDate "2006.11.11"]
[EventType "team"]
[EventRounds "11"]
[EventCountry "ENG"]
[WhiteTeam "Barbican 4NCL 2"]
[BlackTeam "Oxford 1"]

1. d4 d5 2. Nf3 Nc6 3. c4 e5 4. Nxe5 Nxe5 5. dxe5 d4 6. e4 c6 7. Bd3 Qa5+ 8.
Nd2 Qxe5 9. O-O Bc5 10. f4 Qe7 11. e5 Bd7 12. Ne4 g6 13. f5 gxf5 14. Bg5 Qf8
15. Nxc5 Qxc5 16. b4 Qf8 17. Bxf5 Bxf5 18. Rxf5 Ne7 19. Bxe7 Qxe7 20. Qxd4 Rd8
21. Qf4 Rd7 22. a3 Rg8 23. Rf1 Qe6 24. Rg5 Rg6 25. Rxg6 hxg6 26. Qh4 Qe7 27.
Qh8+ Qf8 28. Qxf8+ Kxf8 29. e6 Rd3 30. Rxf7+ Ke8 31. Rxb7 Rxa3 32. c5 Rb3 33.
Rxa7 Rxb4 34. Rc7 Rb2 35. Rxc6 Ke7 36. h3 g5 37. Kh2 Rb3 38. Rd6 Rc3 39. Rd5 g4
40. hxg4 Kxe6 41. Rf5 Rd3 42. Rf3 Rd4 43. Rc3 Rxg4 44. c6 Rg8 45. c7 Rc8 46. g4
Kd7 47. Kg3 Ke6 48. Kf4 Kd7 49. g5 Rf8+ 50. Ke5 Kc8 51. g6 Rf1 52. g7 Rg1 53.
Ra3 1-0

[Event "4NCL/Div2/BAR2 vs. OXF1"]
[Site "Coventry ENG"]
[Date "2006.11.11"]
[Round "3.2"]
[White "Savage, Ben D"]
[Black "Berry, Neil"]
[Result "1/2-1/2"]
[WhiteElo "2335"]
[BlackElo "2312"]
[PlyCount "103"]
[EventDate "2006.11.11"]
[EventType "team"]
[EventRounds "11"]
[EventCountry "ENG"]
[WhiteTeam "Oxford 1"]
[BlackTeam "Barbican 4NCL 2"]

1. e4 e6 2. d4 d5 3. Nc3 Bb4 4. e5 c5 5. Bd2 Nh6 6. Nb5 Bxd2+ 7. Qxd2 O-O 8. f4
Nc6 9. Nf3 f6 10. c3 cxd4 11. cxd4 fxe5 12. fxe5 Nf5 13. Bd3 Nh4 14. Nxh4 Qxh4+
15. g3 Qg4 16. Be2 Qe4 17. O-O-O Rf2 18. Nc3 Qf5 19. Rhf1 Bd7 20. Rxf2 Qxf2 21.
Bb5 Rf8 22. Qxf2 Rxf2 23. Rd2 Rf3 24. Bxc6 Bxc6 25. Kd1 Be8 26. Ke1 Bg6 27. Rf2
Re3+ 28. Re2 Rd3 29. Rd2 Rf3 30. Nd1 Bb1 31. Ke2 Rf8 32. Nc3 Bf5 33. Ke3 Rc8
34. Rf2 Bg6 35. Rf1 Bh5 36. h3 Be8 37. Rc1 Rc4 38. b3 Rb4 39. Nb1 a5 40. Rc8
Kf8 41. Nd2 Ke7 42. Rc5 a4 43. a3 Rb6 44. b4 Rc6 45. Kd3 b6 46. Rxc6 Bxc6 47.
b5 Bxb5+ 48. Kc3 Kf7 49. Kb4 Bd7 50. Nf1 Kg6 51. Ne3 Kg5 52. Kc3 1/2-1/2

[Event "4NCL/Div2/BAR2 vs. OXF1"]
[Site "Coventry ENG"]
[Date "2006.11.11"]
[Round "3.3"]
[White "Pritchett, Craig W"]
[Black "Milovanovic, Aleksander"]
[Result "1-0"]
[WhiteElo "2289"]
[BlackElo "2272"]
[PlyCount "121"]
[EventDate "2006.11.11"]
[EventType "team"]
[EventRounds "11"]
[EventCountry "ENG"]
[WhiteTeam "Barbican 4NCL 2"]
[BlackTeam "Oxford 1"]

1. Nf3 d5 2. c4 d4 3. g3 g6 4. b4 Bg7 5. Bb2 e5 6. d3 Ne7 7. Bg2 O-O 8. O-O Nd7
9. Nbd2 c5 10. a3 Qc7 11. Nb3 Rb8 12. bxc5 Nxc5 13. Nxc5 Qxc5 14. a4 Qc7 15.
Qd2 Rd8 16. h4 h6 17. Rad1 Bd7 18. a5 Bc6 19. Ne1 Bxg2 20. Nxg2 Nc6 21. Ra1 f5
22. Rfc1 Kh7 23. e4 fxe4 24. dxe4 Rf8 25. h5 g5 26. Ne1 Qd7 27. Qe2 Qh3 28. a6
b6 29. Rab1 g4 30. Ba3 Rf6 31. c5 b5 32. Rxb5 d3 33. Qxd3 Rbf8 34. Rb2 Nd4 35.
c6 Rf3 36. Rc3 Rxd3 37. Rxd3 Nf3+ 38. Rxf3 Rxf3 39. c7 Rc3 40. Rc2 Rxa3 41.
c8=Q Qxh5 42. Rc3 Ra1 43. Rc1 Rxc1 44. Qxc1 Qg6 45. Qc4 Qb6 46. Nc2 Qb1+ 47.
Kg2 Qd1 48. Ne3 Qf3+ 49. Kg1 h5 50. Ng2 Qd1+ 51. Kh2 Qf3 52. Qc2 Qf6 53. Qe2
Bf8 54. Nh4 Bc5 55. Nf5 Bb6 56. Kg2 Qd8 57. Qc4 Qd7 58. Qc1 Qe6 59. Qg5 Qf7 60.
Qh6+ Kg8 61. Qxb6 1-0

[Event "4NCL/Div2/BAR2 vs. OXF1"]
[Site "Coventry ENG"]
[Date "2006.11.11"]
[Round "3.4"]
[White "Ozeren, Kemal"]
[Black "Taylor, Martin R"]
[Result "1/2-1/2"]
[WhiteElo "2290"]
[BlackElo "2337"]
[PlyCount "104"]
[EventDate "2006.11.11"]
[EventType "team"]
[EventRounds "11"]
[EventCountry "ENG"]
[WhiteTeam "Oxford 1"]
[BlackTeam "Barbican 4NCL 2"]

1. d4 d5 2. Nf3 Nf6 3. c4 e6 4. Bg5 Nbd7 5. e3 c6 6. Nbd2 Be7 7. Bd3 O-O 8. O-O
b6 9. Qe2 Bb7 10. e4 dxe4 11. Nxe4 c5 12. Rad1 Nxe4 13. Bxe7 Qxe7 14. Bxe4 Bxe4
15. Qxe4 Nf6 16. Qe3 cxd4 17. Rxd4 Rfd8 18. Rfd1 Rxd4 19. Qxd4 h6 20. h3 Rc8
21. Ne5 Qb7 22. Rd3 Qe4 23. Qxe4 Nxe4 24. Rd4 Nc5 25. b4 Na6 26. b5 Nc5 27. Nc6
Ra8 28. Rd6 a6 29. Ne5 axb5 30. cxb5 Na4 31. Nc4 g5 32. Rd3 Rc8 33. Rd4 Rc5 34.
Nd6 Nc3 35. Rc4 Rxc4 36. Nxc4 Nxa2 37. Nxb6 Nc3 38. g3 Nxb5 39. f4 Kg7 40. Kf2
Nd4 41. Nd7 Nf5 42. Kf3 f6 43. Kg4 Kf7 44. Nc5 Nd4 45. h4 f5+ 46. Kh3 Kg6 47.
hxg5 hxg5 48. Nd3 Nc6 49. g4 gxf4 50. Nxf4+ Kf6 51. Nxe6 Kxe6 52. gxf5+ Kxf5
1/2-1/2

[Event "4NCL/Div2/BAR2 vs. OXF1"]
[Site "Coventry ENG"]
[Date "2006.11.11"]
[Round "3.5"]
[White "Eggleston, David J"]
[Black "Smallbone, Kieran"]
[Result "1-0"]
[WhiteElo "2239"]
[BlackElo "2228"]
[PlyCount "77"]
[EventDate "2006.11.11"]
[EventType "team"]
[EventRounds "11"]
[EventCountry "ENG"]
[WhiteTeam "Barbican 4NCL 2"]
[BlackTeam "Oxford 1"]

1. e4 c6 2. d4 d5 3. Nd2 dxe4 4. Nxe4 Nd7 5. Nf3 Ngf6 6. Nxf6+ Nxf6 7. c3 Bg4
8. h3 Bh5 9. g4 Bg6 10. Ne5 e6 11. Bg2 Bd6 12. Qe2 Qc7 13. h4 c5 14. Qb5+ Kf8
15. Qxb7 Qxb7 16. Bxb7 Rb8 17. Bf3 Bxe5 18. dxe5 Nd7 19. h5 Nxe5 20. hxg6 Nxf3+
21. Ke2 Ne5 22. Rxh7 Nxg6 23. Rxh8+ Nxh8 24. c4 Ng6 25. b3 Ke7 26. Be3 Rc8 27.
Rh1 Ne5 28. f3 Nd7 29. Rh7 Rc6 30. Bg5+ f6 31. Rxg7+ Kd6 32. Bf4+ e5 33. Bc1
Ra6 34. a3 Ke6 35. Kd3 Rd6+ 36. Kc2 e4 37. fxe4 Rd4 38. g5 fxg5 39. Bxg5 1-0

[Event "4NCL/Div2/BAR2 vs. OXF1"]
[Site "Coventry ENG"]
[Date "2006.11.11"]
[Round "3.6"]
[White "White, Michael J R"]
[Black "Twyble, Michael S"]
[Result "0-1"]
[WhiteElo "2246"]
[BlackElo "2215"]
[PlyCount "50"]
[EventDate "2006.11.11"]
[EventType "team"]
[EventRounds "11"]
[EventCountry "ENG"]
[WhiteTeam "Oxford 1"]
[BlackTeam "Barbican 4NCL 2"]

1. e4 e6 2. d4 d5 3. e5 c5 4. c3 Nc6 5. Nf3 Bd7 6. Be2 f6 7. O-O Qc7 8. Re1
fxe5 9. dxe5 O-O-O 10. Bd3 Nh6 11. Bf4 Nf7 12. h4 Be7 13. Nbd2 Rdf8 14. g3 Qd8
15. c4 g5 16. hxg5 Nxg5 17. cxd5 Nh3+ 18. Kf1 Nxf4 19. gxf4 Nb4 20. Ne4 exd5
21. Nxc5 Bxc5 22. Rc1 Qb6 23. e6 Bc6 24. f5 Nxd3 25. Qxd3 Bb5 0-1

[Event "4NCL/Div2/BAR2 vs. OXF1"]
[Site "Coventry ENG"]
[Date "2006.11.11"]
[Round "3.7"]
[White "Taylor, Peter"]
[Black "Eckersley-Waites, Tom"]
[Result "1-0"]
[WhiteElo "2211"]
[BlackElo "2141"]
[PlyCount "73"]
[EventDate "2006.11.11"]
[EventType "team"]
[EventRounds "11"]
[EventCountry "ENG"]
[WhiteTeam "Barbican 4NCL 2"]
[BlackTeam "Oxford 1"]

1. c4 b6 2. Nc3 Bb7 3. e4 e6 4. Nge2 c5 5. g3 Nc6 6. Bg2 Nf6 7. d3 d6 8. O-O
Be7 9. h3 O-O 10. Be3 Qd7 11. g4 h6 12. Ng3 Nh7 13. Qd2 Bf6 14. Nh5 Bd4 15. Ne2
Rac8 16. Rac1 Bxe3 17. Qxe3 d5 18. exd5 exd5 19. Bxd5 Rfe8 20. Be4 Nb4 21. Neg3
Ng5 22. Nf5 Bxe4 23. dxe4 Qc6 24. f3 Rcd8 25. Rcd1 Rxd1 26. Rxd1 Qa4 27. Rd2
Nc2 28. Qc3 Nd4 29. Nxd4 cxd4 30. Rxd4 f6 31. Kg2 Ne6 32. Rd5 Qxa2 33. e5 Nc5
34. exf6 Re2+ 35. Kf1 Rxb2 36. f7+ Kxf7 37. Qxg7+ 1-0

[Event "4NCL/Div2/BAR2 vs. OXF1"]
[Site "Coventry ENG"]
[Date "2006.11.11"]
[Round "3.8"]
[White "Smajlovic, Lejla"]
[Black "Bhatia, Kanwal K"]
[Result "1/2-1/2"]
[WhiteElo "2047"]
[BlackElo "2062"]
[PlyCount "54"]
[EventDate "2006.11.11"]
[EventType "team"]
[EventRounds "11"]
[EventCountry "ENG"]
[WhiteTeam "Oxford 1"]
[BlackTeam "Barbican 4NCL 2"]

1. e4 e5 2. Nf3 Nc6 3. d4 exd4 4. Nxd4 Bc5 5. Nf5 d5 6. Nxg7+ Kf8 7. Nh5 Qh4 8.
Ng3 Nf6 9. Nc3 dxe4 10. Be2 Bg4 11. O-O Rd8 12. Qe1 Bxe2 13. Ncxe2 Ne5 14. Nf5
Nf3+ 15. gxf3 Rg8+ 16. Neg3 Qh3 17. Bh6+ Ke8 18. Kh1 Bd6 19. Qe3 Kd7 20. Rad1
Nh5 21. Qxe4 Nxg3+ 22. fxg3 Rde8 23. Qa4+ Kc8 24. Nxd6+ cxd6 25. Qc4+ Kb8 26.
Bf4 Rc8 27. Bxd6+ Ka8 1/2-1/2

[Event "4NCL/Div2/CAMB1 vs. RIC"]
[Site "Coventry ENG"]
[Date "2006.11.11"]
[Round "3.1"]
[White "Dearing, Eddie"]
[Black "Bates, Richard A"]
[Result "0-1"]
[WhiteElo "2395"]
[BlackElo "2366"]
[PlyCount "42"]
[EventDate "2006.11.11"]
[EventType "team"]
[EventRounds "11"]
[EventCountry "ENG"]
[WhiteTeam "Cambridge U 1"]
[BlackTeam "Richmond"]

1. d4 Nf6 2. c4 g6 3. Nc3 Bg7 4. e4 d6 5. h3 O-O 6. Bg5 a5 7. Qd2 a4 8. Rc1 c6
9. Bd3 Qa5 10. Nge2 Nbd7 11. O-O e5 12. Rfd1 exd4 13. Nxd4 Nc5 14. Bc2 Re8 15.
f3 Nfd7 16. Bf4 Nb6 17. b3 Bxd4+ 18. Qxd4 Ne6 19. b4 Qa7 20. Qe3 Nxf4 21. Qxf4
Nd5+ 0-1

[Event "4NCL/Div2/CAMB1 vs. RIC"]
[Site "Coventry ENG"]
[Date "2006.11.11"]
[Round "3.2"]
[White "Wall, Gavin"]
[Black "Pinter, Gabor"]
[Result "1/2-1/2"]
[WhiteElo "2327"]
[BlackElo "2362"]
[PlyCount "72"]
[EventDate "2006.11.11"]
[EventType "team"]
[EventRounds "11"]
[EventCountry "ENG"]
[WhiteTeam "Richmond"]
[BlackTeam "Cambridge U 1"]

1. e4 c5 2. Nf3 e6 3. c3 Nf6 4. e5 Nd5 5. Na3 d6 6. Nc4 dxe5 7. Ncxe5 f6 8.
Bb5+ Nd7 9. Nxd7 Bxd7 10. Qb3 Bxb5 11. Qxb5+ Qd7 12. Qxd7+ Kxd7 13. d4 cxd4 14.
Nxd4 Bc5 15. Nc2 Rac8 16. Ke2 Bb6 17. Bd2 e5 18. Rad1 Ke6 19. Rhe1 Rhd8 20. g3
h5 21. h4 Kf5 22. Ne3+ Nxe3 23. Bxe3 Bxe3 24. Kxe3 g5 25. hxg5 fxg5 26. Rxd8
Rxd8 27. Rh1 Rh8 28. f3 h4 29. c4 a5 30. b3 Rh6 31. Rh2 Rh8 32. Rh1 Rh6 33. Rh2
Kg6 34. gxh4 Rxh4 35. Rd2 Kf5 36. Rd8 Rh2 1/2-1/2

[Event "4NCL/Div2/CAMB1 vs. RIC"]
[Site "Coventry ENG"]
[Date "2006.11.11"]
[Round "3.3"]
[White "Moskovic, David M"]
[Black "Bisby, Daniel L"]
[Result "1/2-1/2"]
[WhiteElo "2272"]
[BlackElo "2277"]
[PlyCount "78"]
[EventDate "2006.11.11"]
[EventType "team"]
[EventRounds "11"]
[EventCountry "ENG"]
[WhiteTeam "Cambridge U 1"]
[BlackTeam "Richmond"]

1. e4 c5 2. Nf3 Nc6 3. g3 g6 4. Bg2 Bg7 5. O-O d6 6. d3 e6 7. c3 e5 8. a3 Nge7
9. b4 O-O 10. Nbd2 Be6 11. Rb1 h6 12. Nb3 c4 13. dxc4 Bxc4 14. Re1 f5 15. Nfd2
Be6 16. c4 Qd7 17. Bb2 a6 18. Qe2 Rf7 19. c5 d5 20. exd5 Bxd5 21. Bxd5 Nxd5 22.
Nc4 e4 23. Nd6 Bxb2 24. Rxb2 Ne5 25. Nxf7 Qxf7 26. Rf1 Nf3+ 27. Kh1 g5 28. Nd2
Ne5 29. f3 e3 30. Nc4 Nxc4 31. Qxc4 f4 32. gxf4 Nxf4 33. Qxf7+ Kxf7 34. Rb3 e2
35. Re1 Rd8 36. Kg1 Rd2 37. Kf2 Nd3+ 38. Rxd3 Rxd3 39. Kxe2 Rxa3 1/2-1/2

[Event "4NCL/Div2/CAMB1 vs. RIC"]
[Site "Coventry ENG"]
[Date "2006.11.11"]
[Round "3.4"]
[White "Osborne, Marcus E"]
[Black "Garner, David"]
[Result "1/2-1/2"]
[WhiteElo "2254"]
[BlackElo "2179"]
[PlyCount "100"]
[EventDate "2006.11.11"]
[EventType "team"]
[EventRounds "11"]
[EventCountry "ENG"]
[WhiteTeam "Richmond"]
[BlackTeam "Cambridge U 1"]

1. d4 Nf6 2. c4 e6 3. Nf3 b6 4. a3 Bb7 5. Nc3 d5 6. cxd5 Nxd5 7. Qc2 c5 8. dxc5
Bxc5 9. Bg5 f6 10. Bd2 Nc6 11. Nxd5 Qxd5 12. e3 Ne5 13. Nxe5 Qxe5 14. Bc3 Qe4
15. Bb5+ Kf7 16. Bd3 Qxg2 17. O-O-O Qxh1 18. Rxh1 Bxh1 19. Bxh7 f5 20. Qd1 Rxh7
21. Qxh1 Re8 22. Qb7+ Re7 23. Qc6 Re8 24. Qc7+ Re7 25. Qb8 Rd7 26. Qc8 Re7 27.
Be5 a5 28. Qb8 Rh4 29. Bf4 Rg4 30. Qh8 Rd7 31. Qh5+ Rg6 32. Be5 Rd5 33. Bc3 Be7
34. Bd4 Bf6 35. Bxb6 Bxb2+ 36. Kc2 Bxa3 37. h4 Be7 38. Bd4 Bf6 39. Bxf6 Kxf6
40. Qh8 Kf7 41. Qh5 Kf6 42. Kb3 Rg4 43. Qh8 a4+ 44. Kc2 Ke5 45. f3 Rg2+ 46. Kc3
Rdd2 47. Qb8+ Kf6 48. Qf8+ Ke5 49. Qb8+ Kf6 50. Qf8+ Ke5 1/2-1/2

[Event "4NCL/Div2/CAMB1 vs. RIC"]
[Site "Coventry ENG"]
[Date "2006.11.11"]
[Round "3.5"]
[White "Hodge, David J"]
[Black "Franklin, Michael J"]
[Result "1-0"]
[WhiteElo "2168"]
[BlackElo "2211"]
[PlyCount "61"]
[EventDate "2006.11.11"]
[EventType "team"]
[EventRounds "11"]
[EventCountry "ENG"]
[WhiteTeam "Cambridge U 1"]
[BlackTeam "Richmond"]

1. e4 c5 2. c3 d5 3. exd5 Qxd5 4. d4 e6 5. Nf3 Nf6 6. Na3 a6 7. Nc4 Nbd7 8. Bg5
cxd4 9. Bxf6 Qe4+ 10. Be2 d3 11. Bxg7 dxe2 12. Qa4 Qg6 13. Bxh8 b5 14. Qa5 bxc4
15. Qg5 f6 16. Qxg6+ hxg6 17. h4 Bh6 18. g4 Bb7 19. Kxe2 Bf4 20. Rhd1 Be4 21.
Ne1 Ke7 22. Rxd7+ Kxd7 23. Bxf6 Rb8 24. Rd1+ Bd5 25. b4 Kc6 26. a4 e5 27. f3
Rf8 28. g5 e4 29. b5+ axb5 30. axb5+ Kd6 31. fxe4 1-0

[Event "4NCL/Div2/CAMB1 vs. RIC"]
[Site "Coventry ENG"]
[Date "2006.11.11"]
[Round "3.6"]
[White "Nixon, Thomas C M"]
[Black "Churm, Rohan M"]
[Result "1/2-1/2"]
[WhiteElo "2193"]
[BlackElo "2177"]
[PlyCount "51"]
[EventDate "2006.11.11"]
[EventType "team"]
[EventRounds "11"]
[EventCountry "ENG"]
[WhiteTeam "Richmond"]
[BlackTeam "Cambridge U 1"]

1. d4 e6 2. c4 d5 3. Nc3 c6 4. Qd3 Nf6 5. Nf3 Nbd7 6. g3 a6 7. Bg2 b5 8. b3
bxc4 9. bxc4 a5 10. Qc2 Ba6 11. c5 Be7 12. O-O O-O 13. Rd1 Rc8 14. Rb1 Re8 15.
Bd2 Bf8 16. Bf1 e5 17. Na4 Ne4 18. Nb6 exd4 19. Nxc8 Bxc5 20. Qb2 Qf6 21. Rbc1
Rxc8 22. Be1 Nb6 23. Rxc5 Na4 24. Qxd4 Qxd4 25. Nxd4 Naxc5 26. Rc1 1/2-1/2

[Event "4NCL/Div2/CAMB1 vs. RIC"]
[Site "Coventry ENG"]
[Date "2006.11.11"]
[Round "3.7"]
[White "Jones, Richard M"]
[Black "Meyer, Gordon"]
[Result "0-1"]
[WhiteElo "2078"]
[BlackElo "2151"]
[PlyCount "54"]
[EventDate "2006.11.11"]
[EventType "team"]
[EventRounds "11"]
[EventCountry "ENG"]
[WhiteTeam "Cambridge U 1"]
[BlackTeam "Richmond"]

1. e4 c5 2. Nf3 d6 3. Bb5+ Bd7 4. Bxd7+ Qxd7 5. O-O Nc6 6. d4 cxd4 7. Nxd4 g6
8. Nc3 Nf6 9. h3 Bg7 10. Be3 Na5 11. Qd3 Rc8 12. b3 O-O 13. Rad1 b6 14. Nce2
Qb7 15. f3 d5 16. exd5 Nxd5 17. c4 Nxe3 18. Qxe3 a6 19. Nc3 h5 20. Rfe1 Rfd8
21. Nd5 e5 22. Nc2 b5 23. Qg5 Kf8 24. Rxe5 bxc4 25. Nce3 Rd7 26. Nf6 Rxd1+ 27.
Nxd1 Qb6+ 0-1

[Event "4NCL/Div2/CAMB1 vs. RIC"]
[Site "Coventry ENG"]
[Date "2006.11.11"]
[Round "3.8"]
[White "Chevannes, Sabrina"]
[Black "Powell, Annie"]
[Result "1-0"]
[WhiteElo "2093"]
[BlackElo "2024"]
[PlyCount "79"]
[EventDate "2006.11.11"]
[EventType "team"]
[EventRounds "11"]
[EventCountry "ENG"]
[WhiteTeam "Richmond"]
[BlackTeam "Cambridge U 1"]

1. d4 Nf6 2. Nf3 e6 3. Bg5 c5 4. e3 Be7 5. Nbd2 Nc6 6. c3 d6 7. Bd3 O-O 8. O-O
b6 9. Rc1 Bb7 10. Bb1 h6 11. Bh4 Rc8 12. Qc2 g6 13. Qd1 Nh5 14. Bxe7 Qxe7 15.
Qe2 e5 16. d5 Nb8 17. e4 Rc7 18. Ne1 c4 19. g3 b5 20. Ng2 Bc8 21. f4 Bh3 22.
Rf2 Bxg2 23. Kxg2 Nd7 24. f5 Nhf6 25. Rcf1 g5 26. g4 a5 27. Rh1 Ne8 28. Nf3 f6
29. h4 Rf7 30. Kf1 Nc5 31. Rfh2 Rg7 32. hxg5 hxg5 33. Rh8+ Kf7 34. R1h6 Qd7 35.
Qh2 Ke7 36. Qh5 Kd8 37. Rxf6 Rh7 38. Rh6 Rxh6 39. Qxh6 Qg7 40. Qxd6+ 1-0

[Event "4NCL/Div2/WWKS1 vs. WES1"]
[Site "Coventry ENG"]
[Date "2006.11.11"]
[Round "3.1"]
[White "Thomas, Nicholas"]
[Black "Upton, Ian J"]
[Result "1/2-1/2"]
[WhiteElo "2295"]
[BlackElo "2259"]
[PlyCount "54"]
[EventDate "2006.11.11"]
[EventType "team"]
[EventRounds "11"]
[EventCountry "ENG"]
[WhiteTeam "Warks Select 1"]
[BlackTeam "Wessex 1"]

1. e4 e6 2. d4 d5 3. Nd2 dxe4 4. Nxe4 Nd7 5. Nf3 Ngf6 6. Bd3 c5 7. Nxc5 Nxc5 8.
dxc5 Bxc5 9. O-O O-O 10. Qe2 b6 11. Rd1 Qc7 12. Bg5 Bb7 13. Bxf6 gxf6 14. Be4
Bxe4 15. Qxe4 Rfd8 16. Ne1 Be7 17. Qg4+ Kh8 18. Qh5 Rxd1 19. Rxd1 Rd8 20. g3 f5
21. Rxd8+ Bxd8 22. Nd3 Kg8 23. Qe2 Bf6 24. b3 Qc3 25. a4 Qd4 26. Nf4 Bg5 27.
Nd3 Bf6 1/2-1/2

[Event "4NCL/Div2/WWKS1 vs. WES1"]
[Site "Coventry ENG"]
[Date "2006.11.11"]
[Round "3.2"]
[White "Webb, Richard M"]
[Black "James, Russell A"]
[Result "1/2-1/2"]
[WhiteElo "2286"]
[BlackElo "2243"]
[PlyCount "54"]
[EventDate "2006.11.11"]
[EventType "team"]
[EventRounds "11"]
[EventCountry "ENG"]
[WhiteTeam "Wessex 1"]
[BlackTeam "Warks Select 1"]

1. e4 e5 2. Nf3 Nc6 3. Bb5 Nf6 4. O-O Bc5 5. Nxe5 Nxe4 6. Qe2 Nxe5 7. Qxe4 Qe7
8. Nc3 Ng6 9. Re1 O-O 10. Qxe7 Bxe7 11. b3 Bf6 12. Ba3 d6 13. Rad1 a6 14. Bf1
Bg4 15. f3 Bd4+ 16. Kh1 Be6 17. Ne4 h6 18. c3 Ba7 19. d4 Rfe8 20. Bc1 Re7 21.
Bd3 Rae8 22. Bd2 Bc8 23. g3 d5 24. Nc5 Rxe1+ 25. Rxe1 Rxe1+ 26. Bxe1 Bxc5 27.
dxc5 Ne5 1/2-1/2

[Event "4NCL/Div2/WWKS1 vs. WES1"]
[Site "Coventry ENG"]
[Date "2006.11.11"]
[Round "3.3"]
[White "Mason, Don"]
[Black "Allicock, Rawle A"]
[Result "1-0"]
[WhiteElo "2248"]
[BlackElo "2310"]
[PlyCount "97"]
[EventDate "2006.11.11"]
[EventType "team"]
[EventRounds "11"]
[EventCountry "ENG"]
[WhiteTeam "Warks Select 1"]
[BlackTeam "Wessex 1"]

1. e4 e5 2. Nf3 Nf6 3. Nxe5 d6 4. Nf3 Nxe4 5. d4 d5 6. Bd3 Nc6 7. O-O Be7 8. c4
Nb4 9. Be2 dxc4 10. Bxc4 O-O 11. Nc3 Bf5 12. a3 Nxc3 13. bxc3 Nd5 14. Re1 Bf6
15. Bd2 Qd6 16. Ne5 Nb6 17. Ba2 Be6 18. Bxe6 fxe6 19. Qb3 Qd5 20. Qxd5 exd5 21.
f4 Rae8 22. a4 a5 23. Rab1 Bxe5 24. dxe5 Nc4 25. Bc1 b6 26. h4 h5 27. Kh2 Kf7
28. g4 hxg4 29. Kg3 Ke6 30. Kxg4 Rf5 31. Ra1 Rh8 32. Ra2 Rh6 33. Rh2 Rg6+ 34.
Kf3 Rh5 35. Rd1 c6 36. Rdh1 Kf5 37. Re1 Rh8 38. h5 Rgh6 39. Rg1 g6 40. Rg5+ Ke6
41. Rhg2 gxh5 42. Rg7 h4 43. Rc7 h3 44. Rgg7 d4 45. Ke4 Nd6+ 46. exd6 h2 47.
f5+ Kxd6 48. Ba3+ c5 49. Rgd7# 1-0

[Event "4NCL/Div2/WWKS1 vs. WES1"]
[Site "Coventry ENG"]
[Date "2006.11.11"]
[Round "3.4"]
[White "Corkett, Anthony R"]
[Black "Fishburne, Stewart K"]
[Result "1-0"]
[WhiteElo "2339"]
[BlackElo "2200"]
[PlyCount "73"]
[EventDate "2006.11.11"]
[EventType "team"]
[EventRounds "11"]
[EventCountry "ENG"]
[WhiteTeam "Wessex 1"]
[BlackTeam "Warks Select 1"]

1. e4 g6 2. d4 Bg7 3. Nc3 d6 4. Nf3 Nf6 5. Be2 O-O 6. O-O c6 7. h3 Qc7 8. Be3
Nbd7 9. Qd2 b5 10. Bd3 Bb7 11. Rfe1 a6 12. Bh6 b4 13. Na4 a5 14. Bxg7 Kxg7 15.
e5 Nd5 16. e6 N7b6 17. Nxb6 Qxb6 18. exf7 h6 19. Re6 Nf6 20. Rxe7 Bc8 21. Rae1
Nd5 22. R7e4 Bd7 23. Rh4 Rh8 24. c4 bxc3 25. bxc3 Raf8 26. c4 Nf6 27. c5 dxc5
28. dxc5 Qxc5 29. Ne5 g5 30. Rc4 Qd6 31. Qc3 Rxf7 32. Rd4 Qc7 33. Nxf7 Kxf7 34.
Bc4+ Kg6 35. Re7 Rd8 36. Qd3+ Kh5 37. Bf7# 1-0